Multiplex Constructions (UK) Ltd v Mott MacDonald Ltd (Record no. 78447)
[ view plain ]
| 000 -LEADER | |
|---|---|
| fixed length control field | 01995cab a2200205 4500 |
| 001 - CONTROL NUMBER | |
| control field | ##L136798 |
| 008 - FIXED-LENGTH DATA ELEMENTS--GENERAL INFORMATION | |
| fixed length control field | 070223n2007 000 0 eng u |
| 035 ## - SYSTEM CONTROL NUMBER | |
| System control number | (Sirsi) u136798 |
| 041 0# - LANGUAGE CODE | |
| Language code of text/sound track or separate title | eng |
| 245 00 - TITLE STATEMENT | |
| Title | Multiplex Constructions (UK) Ltd v Mott MacDonald Ltd |
| Medium | [electronic resource] |
| 260 ## - PUBLICATION, DISTRIBUTION, ETC. | |
| Date of publication, distribution, etc. | 2007 |
| 520 ## - SUMMARY, ETC. | |
| Summary, etc. | [2007] EWHC 20 (TCC), 10 January 2007. Considered differing interpretations of what constituted pertinent records (under a novation agreement) and whether the adjudicator acted within his jurisdiction. Applicant company (M) employed respondent company (D) by a novation agreement for the provision of civil and structural engineering services for the construction of the new Wembley stadium. M wished to gain access to pertinent records held by D, exercising its right under the novation agreement. D refused, querying M's understanding of what constituted records in the context. An adjudicator's award favoured M, but D only offered a limited range of documents. M applied for equitable remedies and for summary judgment against D to enforce the adjudicator's decision. D argued that the adjudicator lacked jurisdiction to decide the meaning of pertinent records and that D had tried to comply with the adjudicator's decision. "Held": the adjudicator was within his jurisdiction because he was resolving a pre-existing dispute between the parties; he was entitled to formulate his own interpretation of pertinent records, regardless of whether he was right or wrong. |
| 590 ## - LOCAL NOTE (RLIN) | |
| Local note | KA |
| 650 24 - SUBJECT ADDED ENTRY--TOPICAL TERM | |
| Topical term or geographic name entry element | MULTIPLEX CONSTRUCTIONS (UK) LTD V MOTT MACDONALD LTD |
| 651 #4 - SUBJECT ADDED ENTRY--GEOGRAPHIC NAME | |
| Geographic name | England and Wales |
| Chronological subdivision | 1543- |
| 690 ## - LOCAL SUBJECT ADDED ENTRY--TOPICAL TERM (OCLC, RLIN) | |
| Topical term or geographic name as entry element | MANAGEMENT-DISPUTE AVOIDANCE, MANAGEMENT AND RESOLUTION-DISPUTE MANAGEMENT AND RESOLUTION-ALTERNATIVE DISPUTE RESOLUTION-ADJUDICATION |
| 690 ## - LOCAL SUBJECT ADDED ENTRY--TOPICAL TERM (OCLC, RLIN) | |
| Topical term or geographic name as entry element | BUILT ENVIRONMENT-CONSTRUCTION MANAGEMENT-BUILDING CONTRACT ADMINISTRATION |
| 856 40 - ELECTRONIC LOCATION AND ACCESS | |
| Uniform Resource Identifier | <a href="https://www.bailii.org/ew/cases/EWHC/TCC/2007/20.html">https://www.bailii.org/ew/cases/EWHC/TCC/2007/20.html</a> |
| Public note | View the judgment free of charge at www.bailii.org... |
| 942 ## - ADDED ENTRY ELEMENTS (KOHA) | |
| Suppress in OPAC | 0 |
| Withdrawn status | Lost status | Source of classification or shelving scheme | Damaged status | Not for loan | Home library | Current library | Shelving location | Date acquired | Total Checkouts | Full call number | Barcode | Date last seen | Copy number | Price effective from | Koha item type |
|---|---|---|---|---|---|---|---|---|---|---|---|---|---|---|---|
| Dewey Decimal Classification | Virtual | Virtual | Online | 23/02/2007 | ONLINE PUBLICATION | 136798-2001 | 06/08/2019 | 1 | 06/08/2019 | Law report |